00742nam a2200193 a 450000100100000000500170001000800410002702000180006804000250008610000430011124501200015426000300027430000200030450400270032470000320035170000420038395201060042599900170053100004080920201002034409.0130906s20uu sp 000 0 spa d a9788469528044 aDO-SdBNPbspacBNPHU1 aBonilla Fenández, Eva María96723214aLos peligros de la obesidad /cEva María Bonilla Fernández, Carmen Aguilar Cobo, Ana María López Jiménez. a[Madrid] :bs.n.,c200?]. a56 p. ;c22 cm. aBibliografía : p. 561 aAguilar Cobo, Carmen9670561 aLópez Jiménez, Ana María967055 0010507-18MOaGRbGRcOId2013-09-06iLF1l0o p40809-10r2020-06-25w2020-06-25y1ZNo se presta c40299d40299